| 000 | 01240nam a22002657a 4500 | ||
|---|---|---|---|
| 005 | 20240530110542.0 | ||
| 008 | 150627s2013 jo dk g b 000 0 ara d | ||
| 017 | _a2012/10/3959 | ||
| 040 | _aEG-CaGPL | ||
| 082 | 0 | 4 |
_221 _a371.334\ _bم ق |
| 100 | 0 | _aمصطفى عودة جويفل | |
| 245 | 1 | 2 |
_aالقطع التعليمية الالكتونية التصمصم و الانتاج : _bبرنامج تدريبى لتصميم القطع التعليمية الالكترونية و انتاجها وفق منحى النظم باستخدام برنامج فلاش / _cمصطفى عودة جويفل ؛ تقديم حارث عبود |
| 246 | _aELECTRONIC LEARNING OBJECTS DESIGN & CREATION | ||
| 250 | _aط1 | ||
| 260 |
_aعمان : _bدار المسيرة للنشر والتوزيع و الطباعة ، _c2013 . |
||
| 300 |
_a414 ص : _bايض ؛ _c24 سم |
||
| 504 | _aببليوجرافية : ص 403 - 414 | ||
| 650 | 0 | 4 | _aالحاسبات الالكترونية |
| 650 | 0 | 4 | _aبرامج الحاسبات |
| 650 | 0 | 4 |
_aالحاسبات الالكترونية _xتصميم |
| 650 | 0 | 4 |
_aالمعلومات _xعلم |
| 700 | 0 |
_aحارث عبود _eمقدم |
|
| 942 |
_2ddc _cBK |
||
| 999 |
_c62278 _d62278 |
||